000 00669nam a22002417a 4500
003 UA-OsUOA
001 52621
007 ta
008 20080226b un ||||| |||| 00| 0 ukr d
100 _aФедоренко Ю.
090 _a004.428(035)
_bФ33
942 _cBK
040 _aUA-OsUOA
_brus
_cUA-OsUOA
_dUA-OsUOA
245 _aАлгоритммы и программы на Турбо Паскаль
300 _a240 с.
955 _a2
041 _arus
080 _a004.428(035)
020 _a5-318-00102-5
260 _aСПб
_bПИТЕР
_c2001
650 7 _a00 Загальні питання науки і культури
_2UDC
999 _c338708
_d338708